| 000 | 00505nam a2200169 a 4500 | ||
|---|---|---|---|
| 001 | 000027053 | ||
| 005 | 20200930030555.0 | ||
| 008 | 110329s2002 dr a 000 0 spa d | ||
| 040 |
_aDO-SdBNP _bspa _cBNPHU |
||
| 082 |
_axxxx _bC755m |
||
| 110 | 2 |
_aConsorcio Campesino _954143 |
|
| 245 | 1 | 0 | _aMemorias de un proceso : la zona rural dominicana, realidades y propuestas. |
| 260 |
_aSanto Domingo : _bBúho, _c2002. |
||
| 300 |
_a117 p. : _bil. ; _c27 cm. |
||
| 504 | _aBibliografía: p. 117 | ||
| 049 | _aBNPD | ||
| 999 |
_c26545 _d26545 |
||